000 00430nam a2200181Ia 4500
001 25217
005 20260414151135.0
008 260414t2013||||xx |||||||||||||| ||spa||
041 _aESP
082 _a346.4
_bP86
100 _aPriori Posada, Giovanni
_eAUT
245 0 _aEstudios sobre la propiedad
_b
260 _c2013
300 _a326 páginas :
_c24 cm.
650 _aDER
654 _aCDE
942 _cLIB
_dJUS
_fJUS
_2ddc
_n
999 _c25217
_d25217